00901caa a22001932a 4500001000900000003001100009008004300020092001600063100001600079245004800095300001600143500008100159546001300240942000900253773020100262773010900463773011800572999001700690 005203 AR-FADEU 311216n########xxu####################dd a415.2bS992 aDoron, Edit aThe pronominal "Copula" as agreement clitic aPP. 313-332 aEn: The syntax of semantics /ed. Hagit Borer. Orlando : Academic Press, 1986 aInglés cBDGR0 0820896660abdBerlino02446tSyntax : Ein internationales handbuch zeitgenössischer forschung : Handbücher zur sprach - und kommunikationswissenschaft w( AR-FADEU) 002376xz3-11-009586-60 01101399830abdOrlandoo02960tThe SYNTAX of pronominal cliticsw( AR-FADEU) 005191xz0-12-613519-30 026074925100aSafir, KenbdCambridgeo05367tThe syntax of (in)dependencew( AR-FADEU) 020350xz0-262-69300-3 c11025d11025